Bye-laws (1963 revision) (Record no. 105689)
[ view plain ]
| 000 -LEADER | |
|---|---|
| fixed length control field | 00944cam a2200181 4500 |
| 001 - CONTROL NUMBER | |
| control field | ##L134472 |
| 008 - FIXED-LENGTH DATA ELEMENTS--GENERAL INFORMATION | |
| fixed length control field | 060808n 000 0 eng u |
| 035 ## - SYSTEM CONTROL NUMBER | |
| System control number | (Sirsi) u134472 |
| 041 0# - LANGUAGE CODE | |
| Language code of text/sound track or separate title | eng |
| 050 04 - LIBRARY OF CONGRESS CALL NUMBER | |
| Classification number | 333.0062 $2 18 |
| 110 2# - MAIN ENTRY--CORPORATE NAME | |
| Corporate name or jurisdiction name as entry element | Valuers Institution |
| 245 00 - TITLE STATEMENT | |
| Title | Bye-laws (1963 revision) |
| 260 ## - PUBLICATION, DISTRIBUTION, ETC. | |
| Place of publication, distribution, etc. | [S.l.] |
| Name of publisher, distributor, etc. | [s.n.] |
| Date of publication, distribution, etc. | 1963 (Edinburgh |
| Name of publisher, distributor, etc. | Lindsay and Co) |
| 300 ## - PHYSICAL DESCRIPTION | |
| Extent | [Various pagings] |
| Dimensions | 22cm. |
| 505 ## - FORMATTED CONTENTS NOTE | |
| Formatted contents note | Authority -- Council -- Committees -- Miscellaneous financial provisions -- Conferences -- Branches -- Benevolent and superannuation funds -- Publications -- Library -- Appendix I: notes for the guidance of branch officers in the conduct of formal meetings -- Appendix II: the code of conduct and other disciplinary matters -- Appendix III: rates of entrance fees, annual subscriptions and annual branch allocations -- Appendix IV: directions on advertising |
| 690 ## - LOCAL SUBJECT ADDED ENTRY--TOPICAL TERM (OCLC, RLIN) | |
| Topical term or geographic name as entry element | PROPERTY-PROPERTY APPRAISAL AND VALUATION |
| 942 ## - ADDED ENTRY ELEMENTS (KOHA) | |
| Suppress in OPAC | 0 |
| Withdrawn status | Lost status | Damaged status | Not for loan | Home library | Current library | Shelving location | Date acquired | Total Checkouts | Full call number | Date last seen | Price effective from | Koha item type |
|---|---|---|---|---|---|---|---|---|---|---|---|---|
| Archives | Archives | RICS Boxes | 22/11/2023 | RICS/Valuers Institution 2 | 22/11/2023 | 22/11/2023 | Book |